000 00558nam a2200181 a 4500
005 20140412111242.0
008 020415s19uu xx 00 eng d
020 _a1-85758-376-0
050 _aTR(GS 372.3
_bH176 1996
100 _aHall, Godfrey
245 _aBack to basic Science :
_bfor 8-9 year olds /
_cGodfrey Hall.
260 _aLondon :
_bLetts Educational,
_c1996.
300 _a32 p. ; ill.
440 _aLetts Science, age 8-9, key stage 2
650 _aScience
_xJuvenile literature
650 _aScience
_xStudy and Teaching
999 _c102804
_d102804